000
00280 a2200133 4500
001
194925
040
_c
Magnum
100
_a
Macedo, Joaquim Manuel de
240
1
0
_a
Luneta mágica
_l
por
245
1
0
_a
Luneta mágica
300
_a
197
697
_a
LITERATURA GERAL
942
_c
BK
999
_c
194925
_d
194925